| 000 | 00768cam a22002651 4500 | ||
|---|---|---|---|
| 001 | 15225 | ||
| 003 | BD-RjUL | ||
| 005 | 20211208235755.0 | ||
| 008 | 140209s1959 nyua b 001 0 eng | ||
| 035 | _a(BD-RjUL)15279 | ||
| 035 | _a(OCoLC)943574 | ||
| 040 |
_aDLC _cTxDN _dOCoLC _dUk _dDLC _dBD-RjUL _beng |
||
| 041 | _aeng | ||
| 082 |
_a658 _bESS 1959 |
||
| 245 | 1 | 0 |
_aEssentials of industrial management / _cby Lawrence L. Bethel [and others] |
| 250 | _a2d ed. | ||
| 260 |
_aNew York : _bMcGraw-Hill, _cc1959. |
||
| 300 |
_a514 p. : _billus. ; _c24 cm. |
||
| 504 | _aIncludes bibliography & Index. | ||
| 650 | 0 |
_aIndustrial management. _947341 |
|
| 700 | 1 |
_aBethel, Lawrence L. _9230637 |
|
| 942 |
_2ddc _cBK |
||
| 999 |
_c15225 _d15225 |
||